| 000 | 00651nam a22002177a 4500 | ||
|---|---|---|---|
| 005 | 20251108173557.0 | ||
| 008 | 250721s2007 xx 000 0 ara d | ||
| 020 | _a9774081943 | ||
| 082 | 1 | 4 | _aط/531.64/بار |
| 100 | 1 |
_aباركر، ستيف _eمؤلف |
|
| 245 | 1 | 0 | _aالقوة و الحركة / |
| 246 | 1 | 1 | _aforces |
| 264 | 1 |
_aالقاهره : _bدار الفاروق، _c2007. |
|
| 300 | _a31ص. | ||
| 490 | 0 | _aسلسلة تبسيط العلوم للأطفال | |
| 650 | 1 | 7 | _aالقوة |
| 650 | 1 | 7 | _aأشكال الطاقة |
| 653 | _aاطفال مرحله متوسطه (6-9)سنوات. | ||
| 942 |
_2ddc _cBK |
||
| 999 |
_c107237 _d107237 |
||